| 000 | 00487nam a2200157Ia 4500 | ||
|---|---|---|---|
| 008 | 190719s9999||||xx |||||||||||||| ||und|| | ||
| 020 |
_a9781906915322 _c£ 50.00 |
||
| 040 | _aIMU Kochi | ||
| 082 | 0 | 4 |
_a623.8884 _bN229 |
| 110 | _aThe Nautical Institute | ||
| 245 | 0 |
_aNavigation Accidents and their Causes / _cThe Nautical Institute |
|
| 260 |
_aLondon : _bThe Nautical Institute , _c2015 |
||
| 300 |
_axiv, 128 p. _b : col. Ill. _c; 25 cm. |
||
| 650 | _aMarine accidents | ||
| 942 |
_2ddc _cBK |
||
| 999 |
_c18 _d18 |
||